Представление документа в формате RUSMARC

ПолеНазваниеЗначение
  Тип записи a
  Библиографический уровень m
001 Контрольный номер RU/УОНБ/EK_N/549537921
005 Дата корректировки 20240130235022.1
010 Индекс ISBN __
9 Тираж 300 экз.
013 Номер (ISMN) __
a Номер (ISMN) 979-0-66006-222-7
d Цена 260 р.
071 Издательские номер (звукозапись и ноты) 21
a Номер, присвоенный агентством 16614
100 Данные общей обработки __
a Данные общей обработки 20170531d2014 u y0rusy0189||||ca
101 Язык документа 0_
a Язык текста rus
f Язык титульного листа rus
102 Страна публикации __
a Страна публикации RU
105 Кодированные данные (монография) __
a Кодированные данные (монография) y###||||000|y
125 Кодированные данные звукозаписи и нотных изданий __
a Форма изложения нотного текста с|
128 Кодированные данные (звукозаписи-физические характеристики) __
a Кодированные данные: Музыкальная форма и тональность или лад zz
b Инструменты или голоса, необходимые для ансамблей (устаревшее) ka||
200 Заглавие и сведения об ответственности 1_
a Заглавие Вып. 4
210 Выходные данные 1_
d Дата издания 2014
215 Физическое описание __
a Объем 52 с.
327 Примечание о содержании 11
a Примечание о содержании Содерж. : Глюк К. В. Мелодия из оперы "Орфей и Эвридика". - Моцарт В. А. Фантазия : ре минор. - Лист Ф. Утешение. - Шопен Ф. Мазурка. - Штраус И. Персидский марш. - Глинка М. Прощальный вальс. - Чайковский П. Ната-вальс. - Мусоргский М. Гопак веселых паробков : из оперы "Сорочинская ярмарка". - Пахульский Г. Музыкальный момент. - Равель М. Павана на смерть инфанты. - Вайль К. Мэкки-нож : из музыки к пьесе Б. Брехта "Трехгрошовая опера". - Оффенбах Ж. Адский галоп : из оперетты "Орфей в аду". - Легар Ф. Вальс из оперетты "Веселая вдова". - Джоплин С. Артист эстрады : регтайм-тустеп.
461 Уровень набора _0
1 001RU/УОНБ/EK_N/549472270
1 200
a Альбом для домашнего музицирования
b Ноты
e для фп.
e [для широкого круга любителей музыки]
f ред. С. Мовчан
v Вып. 4
1 210
a М.
c Музыка
d 2014 -
464 Аналитический уровень _0
1 2001
a Мелодия из оперы "Орфей и Эвридика"
1 700 1
a Глюк
b К. В.
1 50010
a Глюк
b К. В.
1 50010
a Орфей и Эвридика
464 Аналитический уровень _0
1 2001
a Фантазия
e ре минор
1 700 1
a Моцарт
b В. А.
464 Аналитический уровень _0
1 2001
a Утешение
1 700 1
a Лист
b Ф.
464 Аналитический уровень _0
1 2001
a Мазурка
1 700 1
a Шопен
b Ф.
464 Аналитический уровень _0
1 2001
a Персидский марш
1 700 1
a Штраус
b И.
464 Аналитический уровень _0
1 2001
a Прощальный вальс
1 700 1
a Глинка
b М.
464 Аналитический уровень _0
1 2001
a Ната-вальс
1 700 1
a Чайковский
b П.
464 Аналитический уровень _0
1 2001
a Гопак веселых паробков
e из оперы "Сорочинская ярмарка"
1 700 1
a Мусоргский
b М.
1 50010
a Сорочинская ярмарка
464 Аналитический уровень _0
1 2001
a Музыкальный момент
1 700 1
a Пахульский
b Г.
464 Аналитический уровень _0
1 2001
a Павана на смерть инфанты
1 700 1
a Равель
b М.
464 Аналитический уровень _0
1 2001
a Мэкки-нож
e из музыки к пьесе Б. Брехта "Трехгрошовая опера"
1 700 1
a Вайль
b К.
1 702 1
a Брехт
b Б.
4 060
1 50010
a Трехгрошовая опера
464 Аналитический уровень _0
1 2001
a Адский галоп
e из оперетты "Орфей в аду"
1 700 1
a Оффенбах
b Ж.
1 50010
a Орфей в аду
464 Аналитический уровень _0
1 2001
a Вальс из оперетты "Веселая вдова"
1 700 1
a Легар
b Ф.
1 50010
a Веселая вдова
464 Аналитический уровень _0
1 2001
a Артист эстрады
e регтайм-тустеп
1 700 1
a Джоплин
b С.
512 Заглавие обложки 1_
a Заглавие обложки Альбом для домашнего музицирования
606 Тематические рубрики 0_
a Основная рубрика Фортепианная музыка
x Основная подрубрика Пьесы
610 Ключевые слова 0_
a Ключевые слова фортепианная музыка
686 Индексы других классификаций __
a Классификационный индекс 85.954.2я43
2 Код системы rubbk
801 Источник записи _0
a Страна RU
b Организация Ульяновская ОНБ
c Дата составления 20170531
g Правила каталогизации RCR
801 Источник записи _1
a Страна RU
b Организация Ульяновская ОНБ
c Дата составления 20170531
g Правила каталогизации RCR
901 Тип документа __
t Тип документа n
w Контрольный № источника RU/УОНБ/EK_N/549472270
909 Создатель записи __
a Создатель записи Никитина Т. А.
938 Служебная информация __
a Имя БД noti
b Имя библиотеки УОНБ
c Имя АИБС МАРК-SQL
d Номер DOC_ID в БД 16379